000
00285nam a2200109 4500
999
_c
13170
_d
13170
008
190211b ||||| |||| 00| 0 eng d
245
_a
Mayor orders fogging in schools.
260
_a
Davao City
_b
Sun Star Davaoc
_c
c2017
300
_a
page 9.
650
0
_9
36850
_a
Fog.
942
_2
ddc
_c
PER